000 00351nam a2200121Ia 4500
005 20260326100037.0
008 260326s9999||||xx |||||||||||||| ||und||
100 _aUniversidad de Colima
245 0 _aEstudio sobre las Culturas Contemporáneas /
_cUniversidad de Colima
260 _bUniversidad de Colima
650 _aARQUITECTURA-GENERAL
942 _cBK
999 _c6843
_d6843